| 000 | 004530000a22001810004500 | ||
|---|---|---|---|
| 020 | _a84-8276-076-9 | ||
| 041 | 0 | _aSPA | |
| 082 | 0 | 4 | _aG 658 A951c |
| 100 | 1 | _aAvendaño F., Luis | |
| 245 | 1 | 0 | _aEl control a su alcance / Luis Avendaño F. |
| 260 | _aBogotá, Colombia : Norma | ||
| 300 | _a63 Pag | ||
| 001 | 10566 | ||
| 942 | _cBK | ||
| 999 |
_c40093 _d40093 |
||
| 336 |
_atexto _btxt _2rdacontent |
||
| 337 |
_2rdamedia _asin mediación _bn |
||
| 338 |
_2rdacarrier _avolumen _bnc |
||